Geographic Spelling Multiple Choice - Sudden Death - Statistics

General Stats
  • This quiz has been taken 1,490 times
  • The average score is 6 of 14
Answers on the Grid
Answers color-coded by a green-red scale on the quiz's grid according to % correct below.
Beijing
Bejing
Biejing
Liechenstein
Liechtenstein
Leichtenstein
Mediterannean Sea
Mediterranean Sea
Meditterranean Sea
Massachusets
Masachusetts
Massachusetts
Morocco
Morrocco
Moroco
Philippines
Philipines
Phillippines
Azerbaijian
Azebraijan
Azerbaijan
Ljubjana
Ljubljana
Ljubjlana
Kyrgyzstan
Kyrgyzyzstan
Kyrghystan
Albaquerque
Abluquerque
Albuquerque
Ulaanbaatar
Ulanbaatar
Ulanbatar
Carribbean Sea
Carribean Sea
Caribbean Sea
Reykavík
Reykjavík
Rejkyavík
Apalachian Mountains
Appalachian Mountains
Appallachian Mountains
 
Answer Stats
Answer % Correct
Beijing
96%
Liechtenstein
78%
Mediterranean Sea
63%
Massachusetts
62%
Morocco
59%
Philippines
46%
Azerbaijan
42%
Kyrgyzstan
35%
Ljubljana
32%
Albuquerque
28%
Reykjavík
23%
Caribbean Sea
21%
Ulaanbaatar
21%
Appalachian Mountains
20%
No matching quizzes found
Score Distribution
Percent of People with Each Score
Percentile by Number Answered
Your Score History
You have not taken this quiz